Desarrollo de aplicación móvil de pago de mensualidad para el gimnasio Atenas GYM
El estudio presenta una aplicación que será desarrollada para el sistema Android, y como lenguaje de programación se utilizará JAVA, que es un lenguaje orientado a objetos y con un alto nivel de seguridad; finalmente como gestor de bases de datos se empleará MySQL, ya que soporta gran variedad...
| Main Authors: | , |
|---|---|
| Other Authors: | |
| Format: | Tesis Section = Libro |
| Language: | Undetermined Spanish |
| Published: |
Managua
UNI
2017
|
| Subjects: |
| LEADER | 01233nam a2200277Ia 4500 | ||
|---|---|---|---|
| 008 | 240830s9999 xx 000 0 und d | ||
| 040 | |a BIBLIOTECA-RUPAP Mon 005.133 R277 | ||
| 041 | |a spa | ||
| 082 | |a Mon 005.133 R277 | ||
| 100 | 1 | |a Rayo Ramírez, Vania María | |
| 100 | 1 | |b Gamboa Orozco, Emily Scarlett | |
| 245 | 1 | 0 | |a Desarrollo de aplicación móvil de pago de mensualidad para el gimnasio Atenas GYM |
| 260 | |a Managua |b UNI |c 2017 | ||
| 300 | |a 191 p. :il. | ||
| 500 | |a Contiene: anexos y CD. | ||
| 502 | |a Tesis (Ingeniero de Sistemas)- UNI, 2017. | ||
| 520 | 3 | |a El estudio presenta una aplicación que será desarrollada para el sistema Android, y como lenguaje de programación se utilizará JAVA, que es un lenguaje orientado a objetos y con un alto nivel de seguridad; finalmente como gestor de bases de datos se empleará MySQL, ya que soporta gran variedad de sistemas operativos y emplea un bajo consumo de recursos, entre otras ventajas. | |
| 650 | 7 | |a PROGRAMACION | |
| 650 | 7 | |b APLICACIÓN MOVIL | |
| 650 | 7 | |c SISTEMAS WEB-DESARROLLO | |
| 650 | 7 | |d APLICACIÓN WEB | |
| 650 | 7 | |e BASES DE DATOS | |
| 700 | 1 | |a Tutor: |b Noguera Rivera, Danilo Humberto | |
| 942 | |c BK |2 ddc | ||
| 991 | |a TESIS | ||
| 999 | |c 15304 | ||